Statistics for Complete the 1960s Band Name

Click here to take the quiz!

General Stats

  • This quiz has been taken 100 times
  • The average score is 10 of 18

Answer Stats

AnswerSong% Correct
Sly & The {Family} {Stone}Everyday People
94%
Gladys Knight & The {Pips}I Heard It Through the Grapevine
90%
Gerry & The {Pacemakers}Ferry 'Cross the Mersey
85%
Martha & The {Vandellas}Dancing in the Streets
69%
Smokey Robinson & The {Miracles}The Tears of a Clown
69%
Booker T. & The {M.G.'s}Green Onions
65%
Paul Revere & The {Raiders}Good Thing
63%
Tommy James & The {Shondells}Crimson and Clover
63%
Gary Puckett & The {Union Gap}Young Girl
62%
Freddie & The {Dreamers}I'm Telling You Now
48%
? and The {Mysterians}96 Tears
45%
Gary Lewis & The {Playboys}This Diamond Ring
45%
Little Anthony & The {Imperials}Going Out of My Head
40%
Jay & The {Americans}Come a Little Bit Closer
35%
Sam the Sham & The {Pharaohs}Wooly Bully
33%
Billy J. Kramer & The {Dakotas}Little Children
32%
Mitch Ryder & The {Detroit Wheels}Devil With the Blue Dress On
26%
Ronnie & The {Daytonas}Little GTO
11%

Score Distribution

Percentile by Number Answered

Percent of People with Each Score

Your Score History

You have not taken this quiz